Shadow slave true names and nicknames - Statistics

General Stats
  • This quiz has been taken 34 times
  • The average score is 15 of 35
Answer Stats
Catagory Hint Answer % Correct
song of the fallen Cassie
100%
raised by wolves Effie
100%
Changing star Nephis
100%
True name awakened Lost from light Sunny
100%
Nightingale Kai
96%
Prince of nothing Mordret
96%
Nicknamed Awakened Soul reaper Jet
83%
Princess of valor Morgan
70%
Promise of a distant Sky Rain
65%
king of swords Anvil
61%
Sky tide Saint Tyris
61%
Ravensong Ki song
57%
Not so funny anymore Saint Jest
52%
Crimson beast of twilight Noctis
48%
Wake of Ruin Saint Cor
48%
Lightslaver Revel
39%
Summer Knight Saint Gilead
30%
Whispering Blade Saint Madoc
30%
Smile of heaven Nephis' mom
26%
Priestess of war Solvane
26%
Seasoned explorer and esteemed academic of the First Generation Teacher Julius
26%
Broken sword Nephis' dad
22%
Immortal flame Nephis' Grandfather
22%
Beastmaster Eunbin
17%
Death singer Hel
13%
Shield wall Saint Rivalen
13%
dream merchant Thane
13%
Knight Master Dale
9%
Vandal Master Randal
9%
Queen Master Winter
9%
Black moon Moonveil
9%
Ravenheart Song Jiwon
9%
Pride Master Davis
4%
Lady of the north/ oracle of the night One in the north
4%
Mustang Master Jesse
0%
No matching quizzes found
Score Distribution
Percent of People with Each Score
Percentile by Number Answered
Your Score History
You have not taken this quiz